书目信息 |
| 题名: |
蒋宋孔陈四大家族
|
|
| 作者: | 唐汉 著 | |
| 分册: | ||
| 出版信息: | 北京 金城出版社 1995 |
|
| 页数: | 514页 | |
| 开本: | 20cm | |
| 丛书名: | ||
| 单 册: | ||
| 中图分类: | K262.9 , K258 | |
| 科图分类: | ||
| 主题词: | 四大家族--史料 , 四大家族 , 中国--历史 | |
| 电子资源: | ||
| ISBN: | 7-80084-109-X | |
| 000 | 00637nam0 2200241 450 | |
| 001 | 1554033209 | |
| 005 | 20150127151134.23 | |
| 010 | @a7-80084-109-X@dCNY16.80 | |
| 100 | @a19950520d1995 em y0chiy0110 ea | |
| 101 | 0 | @achi |
| 102 | @aCN@b110000 | |
| 105 | @af z 000yy | |
| 200 | 1 | @a蒋宋孔陈四大家族@9jiang song kong chen si da jia zu@f唐 汉著 |
| 210 | @a北京@c金城出版社@d1995 | |
| 215 | @a514页@c照片@d20cm | |
| 606 | 0 | @a四大家族@x史料 |
| 606 | 0 | @a四大家族 |
| 606 | 0 | @a中国@x历史 |
| 690 | @aK262.9@v4 | |
| 690 | @aK258 | |
| 701 | 0 | @a唐汉@9tang han@4著 |
| 801 | 0 | @aCN@bTSSF@c20150127 |
| 905 | @aZUCC@dK262.9@eJY22.80 | |
| 蒋宋孔陈四大家族/唐 汉著.-北京:金城出版社,1995 |
| 514页:照片;20cm |
| ISBN 7-80084-109-X:CNY16.80 |
| ● |
| 相关链接 |
|
|
|
|
正题名:蒋宋孔陈四大家族
索取号:K262.9/JY22.80
 
预约/预借
| 序号 | 登录号 | 条形码 | 馆藏地/架位号 | 状态 | 备注 |
| 1 | 7837833 | 278378337 | 学院路分馆/ [索取号:K262.9/JY22.80] | 在馆 | |
| 2 | 7854955 | 278549554 | 学院路分馆/ [索取号:K262.9/JY22.80] | 在馆 | |
| 3 | 7854956 | 278549563 | 学院路分馆/ [索取号:K262.9/JY22.80] | 在馆 | |
| 4 | 7854957 | 278549572 | 学院路分馆/ [索取号:K262.9/JY22.80] | 在馆 |